Engineering economy (Record no. 1549)

000 -LEADER
fixed length control field 00674nam a22002294a 4500
001 - CONTROL NUMBER
control field 1549
003 - CONTROL NUMBER IDENTIFIER
control field BD-DhUET
008 - FIXED-LENGTH DATA ELEMENTS--GENERAL INFORMATION
fixed length control field 000424s2001 njua b 001 0 eng
020 ## - INTERNATIONAL STANDARD BOOK NUMBER
International Standard Book Number 013028128X
040 ## - CATALOGING SOURCE
Original cataloging agency DLC
Transcribing agency DLC
Modifying agency BD-DhUET
082 00 - DEWEY DECIMAL CLASSIFICATION NUMBER
Classification number 620.02
Item number THU/2001
100 ## - MAIN ENTRY--PERSONAL NAME
Personal name Thuesen, G. J.
245 10 - TITLE STATEMENT
Title Engineering economy
Statement of responsibility, etc. by G.J. Thuesen and W.J. Fabrycky
250 ## - EDITION STATEMENT
Edition statement 9th ed.
260 ## - PUBLICATION, DISTRIBUTION, ETC. (IMPRINT)
Place of publication, distribution, etc. New Jersy
Name of publisher, distributor, etc. Prentice Hall
Date of publication, distribution, etc. 2001
300 ## - PHYSICAL DESCRIPTION
Extent xiv, 637 p.
Other physical details ill.
Dimensions 25 cm.
490 ## - SERIES STATEMENT
Series statement Prentice hall international series in industrial and sytems engineering
504 ## - BIBLIOGRAPHY, ETC. NOTE
Bibliography, etc Includes bibliographies
650 #0 - SUBJECT ADDED ENTRY--TOPICAL TERM
Topical term or geographic name as entry element Engineering economy
700 1# - ADDED ENTRY--PERSONAL NAME
Personal name Fabrycky, W. J.
942 ## - ADDED ENTRY ELEMENTS (KOHA)
Koha item type General Book
Holdings
Copy number Koha issues (times borrowed) Damaged status Lost status Koha normalized classification for sorting Koha date last borrowed Withdrawn status Date acquired Price effective from Source of classification or shelving scheme Piece designation (barcode) Not for loan Shelving location Koha date last seen Sublocation or collection (holding branch) Koha item type Location (home branch) Koha full call number
1   620_000000000000000_02THU2001  2014-09-082014-09-08 102596 Circulation section2014-09-08Central Library, BUETGeneral BookCentral Library, BUET620.02/THU/2001
2   620_000000000000000_02THU2001  2014-09-082014-09-08 102594 Circulation section2014-09-08Central Library, BUETGeneral BookCentral Library, BUET620.02/THU/2001
31  620_000000000000000_02THU20012021-11-29 2014-09-082014-09-08 102590 Circulation section2021-12-20Central Library, BUETGeneral BookCentral Library, BUET620.02/THU/2001
4   620_000000000000000_02THU2001  2014-09-082014-09-08 102595 Circulation section2014-09-08Central Library, BUETGeneral BookCentral Library, BUET620.02/THU/2001
5   620_000000000000000_02THU2001  2014-09-082014-09-08 102589 Circulation section2014-09-08Central Library, BUETGeneral BookCentral Library, BUET620.02/THU/2001
6   620_000000000000000_02THU2001  2014-09-082014-09-08 102588 Circulation section2014-09-08Central Library, BUETGeneral BookCentral Library, BUET620.02/THU/2001
82  620_000000000000000_02THU20012022-03-21 2014-09-082014-09-08 102592 Circulation section2022-04-16Central Library, BUETGeneral BookCentral Library, BUET620.02/THU/2001
9   620_000000000000000_02THU2001  2014-09-082014-09-08 102591 Circulation section2014-09-08Central Library, BUETGeneral BookCentral Library, BUET620.02/THU/2001
10   620_000000000000000_02THU2001  2014-09-152014-09-15 102593 Circulation section2014-09-15Central Library, BUETGeneral BookCentral Library, BUET620.02/THU/2001
113  620_000000000000000_02THU20012021-12-04 2014-09-272014-09-27 101877 Circulation section2021-12-20Central Library, BUETGeneral BookCentral Library, BUET620.02/THU/2001
12   620_000000000000000_02THU2001  2014-10-192014-10-19 112838 Circulation section2014-10-19Central Library, BUETGeneral BookCentral Library, BUET620.02/THU/2001
13   620_020000000000000_THU_2001  2014-11-232014-11-23 101878 Circulation section2014-11-23Central Library, BUETGeneral BookCentral Library, BUET620.02/THU/2001